| 000 | 00795nam a2200229 a 4500 | ||
|---|---|---|---|
| 001 | 000044288 | ||
| 003 | DO-SdBNP | ||
| 005 | 20150709154124.0 | ||
| 007 | 000044288 | ||
| 008 | 140612s2008 dr a 000 0 spa d | ||
| 040 |
_aBPMET _bspa _cBPMET |
||
| 092 |
_axxxx _bxxxx |
||
| 245 | 0 | 3 |
_aEl presupuesto del estado : _b¿ cómo se administran nuestros chelitos? |
| 260 |
_aSanto Domingo : _bCentro de Estudios Sociales Padre Juan Montalvo, _c2008. |
||
| 300 |
_a32 p. : _bil. ; _c18 cm. |
||
| 710 | _4Centro de Estudios Sociales Padre Juan Montalvo (República Dominicana) | ||
| 930 | 1 |
_lBND01 _mLF1 _820140612 _f01 _pCT _g45186 |
|
| 942 |
_2ddc _cBK |
||
| 956 |
_aDGARCIA _b10 _c20140612 _lBND01 _h1233 |
||
| 956 |
_aLOPEREZ _b10 _c20140617 _lBND01 _h0944 |
||
| 956 |
_aVMATEO _b10 _c20150511 _lBMET02 _h00151 |
||
| 999 |
_c7847 _d7847 |
||